Technical dictionary. Aeronautical engineering (Record no. 6300)

MARC details
000 -LEADER
fixed length control field 00868nac a22002171u 4500
082 ## - DEWEY DECIMAL CLASSIFICATION NUMBER
Classification number 603
Item number ZIM
090 ## - LOCALLY ASSIGNED LC-TYPE CALL NUMBER (OCLC); LOCAL CALL NUMBER (OCLC)
-- 6300
-- 6300
100 ## - MAIN ENTRY--PERSONAL NAME
Personal name zimaity, Mohammed A.
245 ## - TITLE STATEMENT
Title Technical dictionary. Aeronautical engineering
Remainder of title English-French-German-Arabic/
Statement of responsibility, etc Compiled and defined by Mohammed A. Zimaity; edited by Anwar Mahmoud Abd-el-Wahed
260 ## - PUBLICATION, DISTRIBUTION, ETC. (IMPRINT)
Place of publication, distribution, etc Leipzig; Cairo:
Name of publisher, distributor, etc Al-Ahram,1976
Date of publication, distribution, etc 1976
300 ## - PHYSICAL DESCRIPTION
Extent 135, 234p.:
Other physical details ill.;
Dimensions 23 cm.
440 ## -
-- al-maajim al Technolozhiya Al Takhasusiyah
500 ## - GENERAL NOTE
General note distributer: Al-Ahram
511 ## - PARTICIPANT OR PERFORMER NOTE
Participant or performer note catalogued by: wessam
650 ## - SUBJECT ADDED ENTRY--TOPICAL TERM
Topical term or geographic name as entry element Technology
General subdivision Dictionaries Arabic
650 ## - SUBJECT ADDED ENTRY--TOPICAL TERM
Topical term or geographic name as entry element Technology
Form subdivision Dictionaries French
650 ## - SUBJECT ADDED ENTRY--TOPICAL TERM
Topical term or geographic name as entry element Technology
Form subdivision Dictionaries German
700 ## - ADDED ENTRY--PERSONAL NAME
Personal name Abd El Wahed, Anwar Mahmoud
942 ## - ADDED ENTRY ELEMENTS (KOHA)
Item type NB - Book (Non borrowing)
Call number prefix 603 ZIM
Holdings
Withdrawn status Item status Damaged status Not for loan Home library Current library Shelving location Date acquired Source of acquisition Total Checkouts Full call number Barcode Date last seen Koha item type
        Central Library Central Library First floor 20/11/2007 Purchase   603 ZIM 000007227 15/07/2025 NB - Book (Non borrowing)
        Central Library Central Library First floor 20/11/2007 Purchase   603 ZIM 000007212 15/07/2025 NB - Book (Non borrowing)